000 01299nam a2200349 i 4500
001 198006
003 ES-MaACL
005 20260308063014.0
007 ta
008 251212s2024 sp |||||| 001 0 spa
017 _aSE 1264-2025
_bOficina Depósito Legal Sevilla
020 _a979-13-87552-96-1
040 _aES-MaACL
_bspa
_cES-MaACL
_erda
080 _a008:7"20"
100 1 _978451
_aMartínez Torrón, Diego,
_d1950-
_4aut
_eaut
245 1 3 _aEl viejo librero :
_bcultura del tiempo perdido /
_cDiego Martínez Torrón
264 1 _bValencina de la Concepción, Sevilla :
_aRenacimiento,
_c2025
264 4 _b©2025
300 _a383 páginas ;
_c21 cm
336 _atexto
_2rdacontent
337 _asin mediación
_2rdamedia
338 _avolumen
_2rdacarrier
500 _aEjemplar firmado y dedicado por el autor
500 _aÍndice
650 4 _9242893
_aCultura
_yS.XXI
655 4 _9176636
_aEnsayos
852 _aES-MaACL
_cDEPO1
_jA-15976
_gDedicatoria autógrafa del autor
_hDonación: Diego Martínez Torrón
_xEncuadernación rústica con solapas
_9207121
942 _cMONOGRAFIA
_n0
999 _c198006
_d198006